| 000 | 01066nam a22003257i 4500 | ||
|---|---|---|---|
| 003 | EG-ScBUE | ||
| 005 | 20230308131231.0 | ||
| 008 | 200219t2020 ii a f 000 0 eng d | ||
| 020 | _a9789389776812 | ||
| 040 |
_aEG-ScBUE _beng _erda _cEG-ScBUE _dEG-ScBUE |
||
| 082 | 0 | 4 |
_222 _a618.92 _bMEH |
| 100 | 1 |
_aMehra, Taruna, _eauthor. |
|
| 245 | 1 | 0 |
_aReview of pediatrics & neonatology / _cTaruna Mehra, Meenakshi Bothra Gupta, Apurv Mehra. |
| 250 | _aSixth edition. | ||
| 264 | 1 |
_aNew Delhi ; _aLondon : _bJaypee Brothers Medical Publishers, _c[2020] |
|
| 264 | 4 | _cc2020 | |
| 300 |
_alii, 551 pages : _bcolor illustrations ; _c32 cm |
||
| 336 |
_2rdacontent _atext _btxt |
||
| 337 |
_2rdamedia _aunmediated _bn |
||
| 338 |
_2rdacarrier _avolume _bnc |
||
| 650 | 7 |
_aPediatrics. _2BUEsh |
|
| 650 | 7 |
_aNeonatology. _2BUEsh |
|
| 650 | 7 |
_aNewborn infants _xDiseases. _2BUEsh |
|
| 653 |
_bNNUR _cMarch2023 |
||
| 655 | _vReading book | ||
| 700 | 1 |
_aGupta, Meenakshi Bothra, _eauthor. |
|
| 700 | 1 |
_aMehra, Apurv, _eauthor. |
|
| 942 |
_2ddc _cBB |
||
| 999 |
_c30238 _d30209 |
||